Recomendaciones de accesibilidad /

Obra en que se proporciona información sobre los requerimientos físicos de acceso y uso de todo tipo de espacios, exteriores o interiores, públicos o privados, para que las personas con discpacidad puedan disfrutar de los servicios, espacios o construcciones de manera segura y cómoda.

Guardado en:
Bibliografiske detaljer
Format: Bog
Sprog:spansk
Fag:
Tags: Tilføj Tag
Ingen Tags, Vær først til at tagge denne postø!

MARC

LEADER 00000nam^a2200000^a^4500
001 000135521
005 20250521000000.0
009 20260310095247.021
037 |a Acervo ITESO - Biblioteca 
041 |a ESP 
082 |a 720. 42  |b REC 
245 0 0 |a Recomendaciones de accesibilidad / 
264 |a México :  |b Presidencia de la República, Oficina de Representación para la Promoción e Integración Social para Personas con Discapacidad,  |c 2001 
300 |a 59 p. 
336 |a texto  |b txt  |2 rdacontenido 
337 |a sin mediación  |b n  |2 rdamedio 
338 |a volumen  |b nc  |2 rdasoporte 
520 |a Obra en que se proporciona información sobre los requerimientos físicos de acceso y uso de todo tipo de espacios, exteriores o interiores, públicos o privados, para que las personas con discpacidad puedan disfrutar de los servicios, espacios o construcciones de manera segura y cómoda. 
649 |a XX 
650 |a Discapacitados -  |x Condiciones Sociales y Culturales 
650 |a Igualdad y Desigualdad 
650 |a Derechos Humanos 
650 |a Construcción 
650 |a Diseño Arquitectónico -  |z México 
650 |a Arquitectura 
650 |a Urbanismo 
910 |a Fondo General 
920 |a Impresos - Libros 
930 |a Colección General 
905 |a 101 
901 |a 0500064615  |b IT1  |c ACC  |u 20250521 
902 |a https://opac.biblio.iteso.mx/vufind/Record/000135521